| 000 | 01342nam a2200265 a 4500 | ||
|---|---|---|---|
| 001 | 000012619 | ||
| 005 | 20200929163040.0 | ||
| 008 | 980623s1997 ck b 000 0 spa d | ||
| 020 | _a9589057799 | ||
| 040 |
_aDO-SdBNP _bspa _cBNPHU |
||
| 082 |
_a342.044 _bC749d |
||
| 245 | 0 | 0 |
_aCongreso y Democracia en los Países de la Región Andina : _bdeficiencias y estrategias / _cCompiladores, Arlene B. Tickener, Oscar Mejía Quintana. |
| 260 |
_aSantafé de Bogotá, (Colombia) : _bEdiciones Uniandes, _bCentro de Estudios Internacionales, _bOrganización de Estados Americanos, _c1997. |
||
| 300 |
_a434 p. : _bil. ; _c21 cm. |
||
| 500 | _a"Una investigación del Centro de Estudios Internacionales (CEI) de la Universidad de los Andes, Bogotá, Colombia, financiada por la Unidad para la Promoción de la Democracia (UPD) de la Organización de Estados Americanos (OEA)"--Presentación. | ||
| 504 | _aIncluye referencias bibliográficas : p. 431-434. | ||
| 650 | 4 |
_aColombia _xCongreso _929351 |
|
| 650 | 4 |
_aPerú _xCongreso _929352 |
|
| 650 | 4 |
_aVenezuela _xCongreso _929353 |
|
| 650 | 4 |
_aBolivia _xCongreso _929354 |
|
| 650 | 4 |
_aOrganos legislativos _zRegión De Los Andes _929355 |
|
| 651 | 4 |
_aRegión De Los Andes _xPolítica Y Gobierno _929356 |
|
| 700 | 1 |
_aTickner, Arlene B., _d1964- _929357 |
|
| 700 | 1 |
_aMejía Quintana, Oscar, _d1956- _929358 |
|
| 999 |
_c12274 _d12274 |
||